| 000 | 01270cam a2200361 a 4500 | ||
|---|---|---|---|
| 999 |
_c424 _d424 |
||
| 001 | 016662752 | ||
| 003 | UkOxU | ||
| 005 | 20190814113929.0 | ||
| 008 | 070604s2008 nyu b 001 0 eng | ||
| 010 | _a2007023263 | ||
| 020 | _a9780231139403 (hbk.) | ||
| 020 | _a0231139403 (hbk.) | ||
| 035 | _a(OCoLC)ocn138342555 | ||
| 035 |
_a(OCoLC)138342555 _z(OCoLC)154690919 |
||
| 035 | _a14877166 | ||
| 040 |
_aDLC _cDLC _dYDXCP _dBTCTA _dBAKER _dC#P _dDLC |
||
| 041 | 1 |
_aeng _achi _hchi |
|
| 082 | 0 | 0 |
_a895.110 HOW _222 |
| 245 | 0 | 0 |
_aHow to read Chinese poetry : _ba guided anthology / _cedited by Zong-qi Cai. |
| 260 |
_aNew York, N.Y. ; _aChichester : _bColumbia University Press, _cc2008. |
||
| 300 |
_axxii, 426 p. ; _c29 cm. |
||
| 504 | _aIncludes bibliographical references and index. | ||
| 546 | _aPoems in Chinese and English. | ||
| 650 | 0 |
_aChinese poetry _xHistory and criticism. |
|
| 650 | 0 |
_aChinese poetry _vTranslations into English. |
|
| 700 | 1 |
_aCai, Zong-qi, _d1955- _eEditor |
|
| 856 | 4 | 1 |
_3Table of contents only _uhttp://www.loc.gov/catdir/toc/ecip0719/2007023263.html |
| 942 |
_2ddc _cNFIC |
||